| 000 | 00000nam##2200000za#4500 |
| 001 | 9.686787 |
| 003 | CaOODSP |
| 005 | 20210624230705 |
| 007 | cr ||||||||||| |
| 008 | 150407|2004||||xxc|||||o f|0| 0 eng|d |
| 020 | |a0-662-35694-2 |
| 040 | |aCaOODSP|beng |
| 043 | |an-cn--- |
| 086 | 1 |aJS42-120/2004E-PDF |
| 110 | 1 |aCanada. |bPublic Safety and Emergency Preparedness Canada. |
| 245 | 10|aCase management in Manitoba probation 2004-01 / |h[electronic resource]|c[by] James Bonta, Tanya Rugge, Bill Sedo, and Ron Coles, with the assistance of Kim Smallshaw, Jennifer Ashton, Guy Bourgon. |
| 260 | |aOttawa - Ontario : |bPublic Safety and Emergency Preparedness Canada |c2004. |
| 300 | |a38p.|breferences, tables |
| 590 | |a14-19-Supp|b2014-11-03 |
| 775 | 08|tLa gestion des cas au sein des Services de probation du Manitoba 2004-01 / |w(CaOODSP)9.631250 |
| 856 | 40|ahttp://publications.gc.ca|qPDF|s95 KB|uhttps://publications.gc.ca/collections/collection_2014/sp-ps/JS42-120-2004-eng.pdf |